00446nam a2200193Ia 4500003000900000008004100009040001300050040001300063041000800076100002800084245002300112250001000135260002500145260000900170300001200179490003900191490000600230700001600236IT-RoPAU120407s9999 xx 000 0 und d aIT-RoPAU cIT-RoPAU afra aFernanda Decleva Caizzi aPhilosphie antique aParis aArmand Colin Editeur c1986 c23,5 cm aRevue de metaphisique et de morale v3 aCherlonneix